| Tag |
First Indicator |
Second Indicator |
Subfields |
| LEADER |
00000cam a22000001 4500 |
| 001 |
in00000247721 |
| 005 |
20151010051200.0 |
| 008 |
720107s1959 nyua b 00010 eng |
| 010 |
|
|
|a 59009257
|
| 035 |
|
|
|a (OCoLC)00710673
|
| 035 |
|
|
|9 ABB4665AM
|
| 040 |
|
|
|a DLC
|c DLC
|d TXA
|d UtOrBLW
|
| 043 |
|
|
|a n-us---
|
| 049 |
|
|
|a TXAM
|c [366930]
|
| 050 |
0 |
0 |
|a E161
|b .R67
|
| 082 |
0 |
|
|a 913.73
|
| 100 |
1 |
|
|a Robbins, Roland Wells,
|d 1908-1987.
|
| 245 |
1 |
0 |
|a Hidden America /
|c by Roland Wells Robbins and Evan Jones.
|
| 250 |
|
|
|a [1st ed.].
|
| 264 |
|
1 |
|a New York :
|b Knopf,
|c 1959.
|
| 300 |
|
|
|a 263 pages :
|b illustrations ;
|c 24 cm.
|
| 336 |
|
|
|a text
|b txt
|2 rdacontent
|
| 337 |
|
|
|a unmediated
|b n
|2 rdamedia
|
| 338 |
|
|
|a volume
|b nc
|2 rdacarrier
|
| 504 |
|
|
|a Includes bibliography.
|
| 650 |
|
0 |
|a Excavations (Archaeology)
|z United States.
|
| 651 |
|
0 |
|a United States
|x Antiquities.
|
| 700 |
1 |
|
|a Jones, Evan,
|d 1915-1996.
|
| 999 |
|
|
|a MARS
|
| 999 |
f |
f |
|s b3e8e61b-5cca-3a6e-930e-ca63ad1454f1
|i cd1cf886-b7f6-317b-b099-7e8aae9cbbb8
|t 0
|
| 952 |
f |
f |
|p ric
|a Texas A&M University
|b Rellis Campus
|c Joint Library Facility
|d Remote Storage
|t 0
|e E161 .R67
|h Library of Congress classification
|i unmediated -- volume
|m A14802151171
|
| 998 |
f |
f |
|a E161 .R67
|t 0
|l Remote Storage
|